Burma in Revolt: (Record no. 43524)

000 -LEADER
fixed length control field 00796nam a22002417a 4500
005 - DATE AND TIME OF LATEST TRANSACTION
control field 20250515102240.0
008 - FIXED-LENGTH DATA ELEMENTS--GENERAL INFORMATION
fixed length control field 250515b ||||| |||| 00| 0 eng d
020 ## - INTERNATIONAL STANDARD BOOK NUMBER
International Standard Book Number 9748496198
040 ## - CATALOGING SOURCE
Transcribing agency SSBUL
041 ## - LANGUAGE CODE
Language code of text/sound track or separate title English
082 ## - DEWEY DECIMAL CLASSIFICATION NUMBER
Edition number 23
Classification number 959.105 Li
Item number 25433 S-RH
100 1# - MAIN ENTRY--PERSONAL NAME
Personal name Lintiner, Bertil.
9 (RLIN) 59692
245 10 - TITLE STATEMENT
Title Burma in Revolt:
Remainder of title Opium and Insurgency Since 1948 /
Statement of responsibility, etc. Bertil Lintner.
260 ## - PUBLICATION, DISTRIBUTION, ETC.
Place of publication, distribution, etc. Oxford:
Name of publisher, distributor, etc. Westview press,
Date of publication, distribution, etc. 1994.
300 ## - PHYSICAL DESCRIPTION
Extent 514 pages:
Other physical details Photo;
Dimensions 23 cm.
500 ## - GENERAL NOTE
General note S-RH: Mr. Ron Halsey Collectio
504 ## - BIBLIOGRAPHY, ETC. NOTE
Bibliography, etc. note Includes bibliographical references and index.
650 ## - SUBJECT ADDED ENTRY--TOPICAL TERM
Topical term or geographic name entry element Myanmar
General subdivision Politics and goverment
Chronological subdivision 1948
9 (RLIN) 59693
Topical term or geographic name entry element Insurgency
9 (RLIN) 59694
Topical term or geographic name entry element Opium
Form subdivision Trade
Geographic subdivision Myanmar
9 (RLIN) 59695
Topical term or geographic name entry element Ethnic relationd
Geographic subdivision Myanmar
9 (RLIN) 59696
942 ## - ADDED ENTRY ELEMENTS (KOHA)
Source of classification or shelving scheme
Koha item type Book (Short term)
Holdings
Withdrawn status Lost status Source of classification or shelving scheme Damaged status Not for loan Collection code Permanent Location Current Location Shelving location Date acquired Total Checkouts Full call number Barcode Date last seen Price effective from Koha item type Accession
          Special Collections Shan State Buddhist University Library Shan State Buddhist University Library Special Collection Shelves 15/05/2025   959.105 Li 25433 S-RH EB00025433 15/05/2025 15/05/2025 Book (Short term) 25433 S-RH

Library - 09407999929
Admin Office - 09407999979
Dean Office - 09250910768
Registrar Office - 09892297154
Email - [email protected]
Shan State Buddhist University, Phaya Phyu Taunggyi, Shan State, Myanmar.